| 000 | 01087nam a22002775a 4500 | ||
|---|---|---|---|
| 003 | OSt | ||
| 005 | 20161217105905.0 | ||
| 008 | 161217s2010 ua frb 000 0 ara d | ||
| 015 | _a2010/17699 | ||
| 020 | _a9789770465279 | ||
| 040 |
_aEG-ScBUE _bara _cEG-ScBUE |
||
| 043 | _af-ua--- | ||
| 082 | 0 | 4 |
_a346.62023 _bس ل ا _222 |
| 100 | 1 | _aسلامة، كمال طلبة المتولي. | |
| 245 | 1 | 2 |
_aالنظام القانوني لعقود البناء والتشغيل ونقل الملكية : _bB.O.T : دراسة مقارنة / _cكمال طلبة المتولي سلامة. |
| 246 | 3 | 0 | _aB.O.T |
| 260 |
_aالقاهرة : _bدار النهضة العربية، _c2010. |
||
| 300 |
_a352 ص. ؛ _c24 سم. |
||
| 504 | _aيشتمل على إرجاعات ببليوجرافية. | ||
| 650 | 7 |
_aعقود البوت (العقود العامة) _2BUEsh |
|
| 650 | 7 |
_aالعقود (قانون مدني) _zمصر. _2BUEsh |
|
| 650 | 7 |
_aعقود المقاولة _xقوانين وتشريعات _zمصر. _2BUEsh |
|
| 651 | _2BUEsh | ||
| 653 |
_bLLAAWW _cDecember2016 |
||
| 942 | _2ddc | ||
| 999 |
_c23599 _d23571 |
||